| 000 | 01097nas a2200385 4500 | ||
|---|---|---|---|
| 001 | BR2014004174 | ||
| 003 | BR-BrBNA | ||
| 005 | 20231205124235.0 | ||
| 007 | ta | ||
| 008 | 230509b bl.|||p| |||| 00| 00por d | ||
| 040 |
_aBR-BrBNA _bpor _cBiblioteca Nacional de Agricultura |
||
| 041 | _a(Pt) | ||
| 072 | _aL72 | ||
| 100 | 1 | _aMaciel, W.G. | |
| 100 | 1 | _aFelippelli, G. | |
| 100 | 1 | _aLopes, W.D.Z. | |
| 100 | 1 | _aTeixeira, W.F.P. | |
| 100 | 1 | _aCruz, B.C. | |
| 100 | 1 | _aSantos, T.R. dos | |
| 100 | 1 | _aBuzzulini, C. | |
| 100 | 1 | _aFavero, F. | |
| 100 | 1 | _aGomes, L.C. | |
| 100 | 1 | _aOliveira, G.P. de | |
| 100 | 1 | _aCosta, A.J. da | |
| 100 | 1 | _aMatos, L.V.S. de | |
| 245 | 1 | _aFauna helmintológica de ovinos provenientes da microrregião de Jaboticabal, estado de São Paulo, Brasil | |
| 650 | _aOVINO | ||
| 650 | _aHELMINTO | ||
| 650 | _aNEMATOIDE | ||
| 650 | _aAUTOPSIA | ||
| 650 | _aSÃO PAULO | ||
| 773 | 0 |
_tCiência Rural (Brazil) _xISSN 0103-8478 _g(Mar 2014), v. 44(3) p. 492-497 _wBR2014004174 |
|
| 909 |
_a202311 _bLúcia _c55 _dLúcia Elande |
||
| 942 |
_2AGRIS _n0 _cANA |
||
| 999 |
_c238056 _d238056 |
||